Who am I? Royal Family Edition - Statistics

General Stats
  • This quiz has been taken 155 times
  • The average score is 13 of 15
Answer Stats
Title Answer % Correct
Former Queen of the United Kingdom and the Commonwealth (d) Elizabeth
100%
The Queen Mother (d) Elizabeth
100%
Duke of York Andrew
96%
Prince of Wales William
96%
Queen consort of the United Kingdom and the Commonwealth Camilla
94%
Princess Royal Anne
93%
Duke of Sussex Harry
93%
Former Princess of Wales (d) Diana
90%
Princess of Wales Kate
90%
Duchess of Sussex Meghan
90%
Former Prince Consort of the United Kingdom and the Commonwealth (d) Philip
90%
Lady____Windsor Louise
79%
Duchess of Edinburgh Sophie
79%
Earl of Wessex James
75%
Former Countess of Snowden (d) Margaret
65%
No matching quizzes found
Score Distribution
Percent of People with Each Score
Percentile by Number Answered
Your Score History
You have not taken this quiz